| 000 | 01039nam a2200289 i 4500 | ||
|---|---|---|---|
| 003 | DO-SdBNP | ||
| 005 | 20240813085539.0 | ||
| 006 | a||||gr|||| 00| 0 | ||
| 007 | ta | ||
| 008 | 240813t1996 dr ||||| |||| 00| 0 spa d | ||
| 040 |
_aDO-SdBNP _bspa _cBNPHU _erda |
||
| 082 | 4 |
_222 _a307.76 _bP438u |
|
| 100 | 1 |
_aPérez Nuñez, César _917961 _eautor |
|
| 245 | 1 | 0 |
_aUrbanización y municipio en Santo Domingo / _cCésar Pérez Núñez; editor, Víctor Eddy Ruiz B. |
| 264 | 4 |
_aSanto Domingo : _bINTEC, _c©1996 |
|
| 300 |
_a234 páginas ; _c21 cm. |
||
| 336 |
_2rdacontent _atexto _btxt |
||
| 337 |
_2rdamedia _asin mediación _bn |
||
| 338 |
_2rdacarrier _avolumen _bnc |
||
| 500 | _aIncluye bibliografía y notas al pie de páginas. | ||
| 504 | _aBibliografía: páginas 227-234 | ||
| 590 | _aInventariado 2024 / MF | ||
| 650 | 4 |
_aUrbanización _zRepública Domingo, Santo Domingo _99561 |
|
| 650 | 4 |
_aUrbanismo _zRepública Domingo, Santo Domingo _945847 |
|
| 700 | 1 |
_aRuiz Burgos, Víctor Eddy, _d1954- _916074 _eeditor |
|
| 942 |
_2ddc _cLBS1 |
||
| 999 |
_c57416 _d57416 |
||